Clic Les "vrais" noms des derniers papes... - Statistiques

Statistiques générales
  • Ce quiz a été pris 47 fois
  • Le résultat moyen est 5 sur 15
Statistiques - réponses
Hint Réponse % Correct
Karol Jozef Wojtyla Jean-Paul II
86%
Joseph Aloisus Ratzinger Benoît XVI
77%
Jorge Mario Bergoglio François
74%
Angelo Giuseppe Roncalli Jean XXIII
46%
Giovanni Battista Montini Paul VI
40%
Albino Luciani Jean-Paul 1er
34%
Eugenio Pacelli Pie XII
31%
Giuseppe Melchiorre Sarto Pie X
23%
Giacomo della Chiesa Benoît XV
20%
Achille Ratti Pie XI
14%
Annibale della Genga Léon XII
11%
Vincenzo Gioacchino Pecci Léon XIII
11%
Bartolomeo Alberto Cappellari Grégoire XVI
9%
Giovanni Marie Mastai Ferretti Pie IX
3%
Francesco Saverio Castiglioni Pie VIII
3%
Aucun quiz correspondant
Distribution des résultats
% des personnes avec chaque résultat
Percentile par nombre de réponses
Votre historique - résultats
Vous n’avez pas pris ce quiz